Central Library OPAC University of Rajshahi

The Sultanate of Delhi : (Record no. 55436)

MARC details
000 -LEADER
fixed length control field 00915nam a2200277 a 4500
001 - CONTROL NUMBER
control field 55436
003 - CONTROL NUMBER IDENTIFIER
rucl marc code BD-RJUL
005 - DATE AND TIME OF LATEST TRANSACTION
control field 20211209080250.0
008 - FIXED-LENGTH DATA ELEMENTS--GENERAL INFORMATION
fixed length control field 910521s1988 ii b 000 0 eng |
035 ## - SYSTEM CONTROL NUMBER
System control number (BD-RJUL)55559
040 ## - CATALOGING SOURCE
Original cataloging agency UUM
Transcribing agency UUM
Language of cataloging eng
Modifying agency BD-RJUL
041 ## - LANGUAGE CODE
Language code of text/sound track or separate title eng
082 ## - DEWEY DECIMAL CLASSIFICATION NUMBER
Edition number 23
Classification number 954.02
Author mark and year SRS 1959
090 ## - LOCALLY ASSIGNED LC-TYPE CALL NUMBER (OCLC); LOCAL CALL NUMBER (OCLC)
Classification number (OCLC) (R) ; Classification number, CALL (RLIN) (NR) DS485.D3
Local cutter number (OCLC) ; Book number/undivided call number, CALL (RLIN) S43 1959
100 1# - MAIN ENTRY--PERSONAL NAME
Personal name Srivastava, Ashirbadi Lal
9 (RLIN) 162048
245 14 - TITLE STATEMENT
Title The Sultanate of Delhi :
Remainder of title including the Arab invasion of Sindh, 711-1526 A.D. /
Statement of responsibility, etc. Ashirbadi Lal Srivastava
250 ## - EDITION STATEMENT
Edition statement 3rd ed.
260 ## - PUBLICATION, DISTRIBUTION, ETC. (IMPRINT)
Place of publication, distribution, etc. New Delhi :
Name of publisher, distributor, etc. Konark Publishers,
Date of publication, distribution, etc. c1959
300 ## - PHYSICAL DESCRIPTION
Pagination xvi, 381 p. ;
Size 22 cm
504 ## - BIBLIOGRAPHY, ETC. NOTE
Bibliography, etc Includes bibliographical references
650 ## - SUBJECT ADDED ENTRY--TOPICAL TERM
Topical term or geographic name as entry element India -- History -- 324 B.C.-1000 A.D.
9 (RLIN) 165156
651 #0 - SUBJECT ADDED ENTRY--GEOGRAPHIC NAME
Geographic name Delhi (Sultanate)
General subdivision History
9 (RLIN) 165157
Geographic name Mogul Empire
General subdivision History
9 (RLIN) 163823
Geographic name India
General subdivision History
Chronological subdivision 1000-1526
9 (RLIN) 165158
942 ## - ADDED ENTRY ELEMENTS (KOHA)
Source of classification or shelving scheme Dewey Decimal Classification
Koha item type Books
Holdings
Lost status Source of classification or shelving scheme Damaged status Not for loan Collection code Permanent Location Current Location Shelving location Date acquired Source of acquisition Cost, normal purchase price Total Checkouts Full call number Date last seen Copy number Koha item type
  Dewey Decimal Classification     Non-fiction Central Library, University of Rajshahi Central Library, University of Rajshahi   14/03/1963 Zeitlinger 21.05   954.02 SRS 1959 17/11/2016 C-2 Books
  Dewey Decimal Classification     Non-fiction Central Library, University of Rajshahi Central Library, University of Rajshahi   30/10/1962 Noor Sonce 11.20   954.02 SRS 1959 20/11/2016 C-3 Books
  Dewey Decimal Classification     Non-fiction Central Library, University of Rajshahi Central Library, University of Rajshahi   15/12/2020       954.02 SRS 1959 15/12/2020 C-9 Books